Statistiken für Länder, die am meisten Mazedonien besuchen

Klicken Sie hier um das Quiz zu spielen!

Allgemein

  • Dieses Quiz wurde 166 mal gespielt
  • Das Durchschnittsergebnis liegt bei 8 aus 10

Antwortstatistiken

BesucherLand% Korrekt
53,121Serbien
95%
44,931Griechenland
93%
21,194Albanien
92%
23,544Deutschland
89%
17,494Kosovo
89%
15,860Kroatien
82%
45,958Bulgarien
80%
129,708 Türkei
80%
22,281Polen
38%
26,889Niederlande
18%

Verteilung der Resultate

Perzentil nach korrekt beantworteten Fragen

Anzahl Personen mit jedem Resultat

Ihre Resultats-Entwicklung

Sie haben dieses Quiz noch nicht gespielt